000
00297nam a2200097Ia 4500
082
_a
248.32 BOTH
245
0
_a
Intercede effectively : a journey through prayer
100
_a
Botha, Winston A Wandsbeck, South Africa, 2008
_9
49206
942
_c
BK
008
210817s9999 xx 000 0 und d
999
_c
159577
_d
159574